Sports Quiz

Random Sports or Hockey Quiz
Score 0/21 Timer 03:00
0 Plays Today
Wins Player % Correct
34Patrick Roy
100%
39Chris Osgood
98.4%
34Martin Brodeur
98.4%
31Ron Hextall
96.7%
24Mike Richter
96.7%
26John Vanbiesbrouck
95.1%
30Felix Potvin
93.4%
29Tom Barrasso
93.4%
22Ed Belfour
93.4%
22Dominek Hasek
93.4%
28Guy Hebert
91.8%
Wins Player % Correct
26Jocelyn Thibault
90.2%
35Jim Carey
88.5%
34Bill Ranford
88.5%
30Grant Fuhr
86.9%
29Daren Puppa
83.6%
21Mike Vernon
83.6%
28Sean Burke
82%
26Nikolai Khabibulin
80.3%
20Ken Wregget
77%
22Stephane Fiset
73.8%
Remove Ads.
Support Sporcle.
Get the best of Sporcle when you Go Orange. This ad-free experience offers more features, more stats, and more fun while also helping to support Sporcle. Thank you for becoming a member.

You're not logged in!

Compare scores with friends on all Sporcle quizzes.
OR
Log In

Show Comments

Extras

Top Quizzes Today


Score Distribution

Your Account Isn't Verified!

In order to create a playlist on Sporcle, you need to verify the email address you used during registration. Go to your Sporcle Settings to finish the process.

Report this User

Report this user for behavior that violates our Community Guidelines.

Details: